Very private and public relations (Record no. 11604)
[ view plain ]
| 000 -LEADER | |
|---|---|
| fixed length control field | 01160nam a2200301Ia 4500 |
| 100 1# - MAIN ENTRY--AUTHOR NAME | |
| Personal name | Dunn, Jim. |
| 245 10 - TITLE STATEMENT | |
| Title | Very private and public relations |
| 260 ## - PUBLICATION, DISTRIBUTION, ETC. (IMPRINT) | |
| Place of publication | London : |
| Name of publisher | Thorogood, |
| Year of publication | c2008. |
| 300 ## - PHYSICAL DESCRIPTION | |
| Number of Pages | 339 p. : |
| Other physical details | ill. (some col.), ports. (some col.) |
| 650 #0 - SUBJECT ADDED ENTRY--TOPICAL TERM | |
| Topical Term | Public relations personnel |
| Topical Term | Gay men |
| Topical Term | Tourism |
| 856 40 - ELECTRONIC LOCATION AND ACCESS | |
| Uniform Resource Identifier | http://site.ebrary.com/lib/rucke/Doc?id=10263870 |
No items available.
